00979nam a22002177a 4500003000400000005001700004008004100021020001800062040001400080041000800094082001300102100003900115245003900154264003500193300006100228521038400289650002300673650001400696650001300710700003800723OSt20260319204443.0260319b ||||| |||| 00| 0 spa d a9789583068478 cCO-Mq BPB aspa aJNbGARa aGarcía Esperón, Maríaeautor aArgonautas;bUn viaje mitológico aBogotá;bPanamericana,c2024 a156 páginas;bTapa dura, ilustraciones a color,c21 cm aArgonautas es una adaptación del mito clásico griego del viaje de Jasón y los Argonautas, un grupo de héroes que emprenden una peligrosa expedición en busca del Vellocino de Oro. En su travesía a bordo de la nave Argo, los protagonistas enfrentan múltiples desafíos: criaturas míticas pruebas imposibles decisiones que ponen a prueba su valentía y lealtad aMitología griega aAventuras aHéroes aRodríguez, Andréseilustrador